| 000 | 00718nam a2200193 a 4500 | ||
|---|---|---|---|
| 003 | 0 | ||
| 005 | 20250313112206.0 | ||
| 008 | 090728s19uu xx 00 eng d | ||
| 050 |
_aPHS PE 1404 _b.K49 2009 |
||
| 100 | _aKim, Seok Jin. | ||
| 245 |
_aEssay writing competence and level of preparedness towards research work / _cSeok Jin Kim. |
||
| 260 |
_aLas PiƱas City, Philippines : _bSouthville International School and Colleges, _c2009. |
||
| 300 |
_avi, 27 pages : _billustrations ; _c28 cm. |
||
| 504 | _aIncludes bibliographical references. | ||
| 650 |
_aEssay _xStudy and teaching. |
||
| 650 |
_aAcademic writing _xStudy and teaching. |
||
| 650 |
_aLanguage arts _xComposition and exercises. |
||
| 942 |
_2lcc _cPASS |
||
| 999 |
_c98303 _d98303 |
||